00578nam a2200169 a 450000500170000000800410001704000250005804100080008310000170009124501360010826000400024430000090028465000300029365000290032365000330035265000230038520191224041514.0140219b1995 -Uk||||| |||| 00| 0 eng d aCO-BoIAVHcCO-BoIAVH aeng aFiler, Denis aBotanical Research and Herbarium Management Systembdeveloped at the University of Oxford, with help from the University of Reading aOxfordbUniversity of Oxfordc1995? a7 p. aSistemas de información aColecciones biológicas aInvestigación científica aManual del usuario